Idioms - Statistics

General Stats
  • This quiz has been taken 66 times
  • The average score is 10 of 15
Answer Stats
Hint Answer % Correct
Another One Bites The ---- Dust
100%
Caught --- Handed Red
100%
The Boy Who Cried ---- Wolf
92%
Beating Around The ---- Bush
90%
All ---- And No Bite Bark
85%
Between A Rock And A ---- ----- Hard Place
83%
When ---- Freezes Over Hell
79%
To Kick The ------ Bucket
75%
Take It With A ----- Of Salt Grain
71%
Square Peg In A Round ---- Hole
60%
A ---- By Any Other Name Would Smell Just As Sweet Rose
52%
Storm In A ------ Teacup
37%
Sleeping With The ------ Fishes
31%
A ------- Storm Perfect
29%
Will It Play In ------ Peoria
12%
No matching quizzes found
Score Distribution
Percent of People with Each Score
Percentile by Number Answered
Your Score History
You have not taken this quiz